000 00888nam a2200241Ia 4500
003 OSt
005 20220923211920.0
006 a|||||r|||| 00| 0
007 ta
008 220922b |||||||| |||| 00| 0 san d
024 _a73,494
037 _cTextual
040 _aARTS
_cARTS
_bsan
041 _2san
_asan
082 _aR631x2,1, 15K4
100 _aपाण्डेय, जनार्दन शास्त्री
_9160287
245 0 _aसांख्यकारिका
_b श्री ईश्वर कृष्ण कृत
246 _aSāankhyakārikā: shrī īshvar kṛuṣhṇa kṛuta
260 _aवाराणसी
_b भारतीय विद्या
_c1964
300 _a112पृ.
_ccm.
942 _hR631x2,1, 15K4
_cTEXL
_2CC
999 _c304558
_d304558